000 00632nam a22002057a 4500
999 _c18297
_d18297
003 AR-CdUCM
008 190513b ||||| |||| 00| 0 spa d
040 _aMUNICIPALIDAD PROVINCIAL DEL CUSCO
_cBIBLIOTECA MUNICIPAL DEL CUSCO
082 _a400 /
_bS97
100 _aSwadesh, Mauricio
_938807
245 _aEl lenguaje y la vida humana /
260 _aMéxico, D.F :
_bFondo de Cultura Económica,
_c1966.
300 _a386 paginas ;
_c18 cm.
440 _aColección popular
_93783
650 _aBibliografia
_9345
650 _aLenguaje
_95227
650 _aLenguas
_913969
942 _2ddc
_cLIBROS
945 _arjall
_d2019-05-13